Les 10 chansons les plus reprises de l'histoire - Statistiques

Statistiques générales
  • Ce quiz a été pris 30 fois
  • Le résultat moyen est 2 sur 10
Statistiques - réponses
# Interprète original Artistes l'ayant repris (entre autres) Réponse % Correct
3 Frank Sinatra Nina Simone, Mike Brant, Robbie Williams,... My Way
91%
1 The Beatles Elvis Presley, Marvin Gaye, Frank Sinatra,... Yesterday
36%
7 Louis Armstrong Eva Cassidy, Cliff Richard, Céline Dion,... What a Wonderful World
32%
4 The Rolling Stones Jimi Hendrix, Aretha Franklin, Britney Spears,... (I Can't get no) Satisfaction
14%
5 Bob Dylan Joan Baez, Hugues Aufray, Stevie Wonder,... Blowin' in the wind
9%
8 Bill Withers Joe Cocker, Leonard Cohen, Michael Jackson,... Ain't no Sunshine
5%
2 Hoagy Carmichael Ray Charles, Deep Purple, Ella Fitzgerald,... Georgia on my mind
5%
10 Lori Lieberman Roberta Flack, Fugees, Alicia Keys,... Killing Me Softly with his Song
5%
6 Chuck Berry AC/DC, Roch Voisine, Sex Pistols,... Johnny B. Goode
0%
9 Roger Miller Janis Joplin, Johnny Cash, Dolly Parton,... Me and Bobby McGee
0%
Aucun quiz correspondant
Distribution des résultats
% des personnes avec chaque résultat
Percentile par nombre de réponses
Votre historique - résultats
Vous n’avez pas pris ce quiz